LIBRARY & INFORMATION CENTRE, KCAET, TAVANUR

ONLINE PUBLIC ACCESS CATALOGUE (OPAC)

Design of reinforced concrete structures / (Record no. 2057)

MARC details
000 -LEADER
fixed length control field 00409cam a2200157ua 4500
003 - CONTROL NUMBER IDENTIFIER
control field OSt
008 - FIXED-LENGTH DATA ELEMENTS--GENERAL INFORMATION
fixed length control field 250627b |||||||| |||| 00| 0 eng d
082 ## - DEWEY DECIMAL CLASSIFICATION NUMBER
Classification number 624.18341
Item number KRI/DE
100 ## - MAIN ENTRY--AUTHOR NAME
Personal name Krishna Raju, N .
245 ## - TITLE STATEMENT
Title Design of reinforced concrete structures /
250 ## - EDITION STATEMENT
Edition statement 2 /
260 ## - PUBLICATION, DISTRIBUTION, ETC. (IMPRINT)
Place of publication New Delhi :
Name of publisher C B S Publishers & Distributers ,
Year of publication 1996.
300 ## - PHYSICAL DESCRIPTION
Number of Pages 258 ; .
500 ## - GENERAL NOTE
General note * CSS
942 ## - ADDED ENTRY ELEMENTS (KOHA)
Koha item type Books
Holdings
Withdrawn status Lost status Damaged status Home library Current library Date acquired Full call number Accession Number Koha item type
Withdrawn     KAUAET KAUAET 07/04/2012 624.18341 KRI/DE 19228 Books
      KAUAET KAUAET 07/04/2012 624.18341 KRI/DE 19227 Books
      KAUAET KAUAET 07/04/2012 624.18341 KRI/DE 16829 Books
      KAUAET KAUAET 07/04/2012 624.18341 KRI/DE 16830 Books
      KAUAET KAUAET 07/04/2012 624.18341 KRI/DE 18685 Books
      KAUAET KAUAET 07/04/2012 624.18341 KRI/DE 12881 Books
free website counter